00400nam a2200157Ia 45000010006000000050017000060080041000230410008000640820015000721000028000872450074001152600009001893000028001986500008002266540008002341805320260306171602.0260306s9999||||xx |||||||||||||| ||und|| aESP a658.4bF81 aFrancés, AntonioeAUT 0aEstrategia y planes para la empresa:bcon el cuadro de mando integral c2006 a512 páginas :c27 cm. aGEN aCAN